ứng dụng số phức để giải mạch điện hình sin một pha và ba pha Luận văn tốt nghiệp Đại học Sư phạm ngành Vật lí Khóa 16

Shranjeno v:
Bibliografske podrobnosti
Glavni avtor: Danh Xà Linh
Format: Knjiga
Jezik:Undetermined
Izdano: Cần Thơ Trường Đại học Cần Thơ, Khoa Sư phạm, Bộ môn Vật lí 1994
Oznake: Označite
Brez oznak, prvi označite!
Thư viện lưu trữ: Trung tâm Học liệu Trường Đại học Cần Thơ
LEADER 00719nam a2200181Ia 4500
001 CTU_33814
008 210402s9999 xx 000 0 und d
082 |a 621.381 
082 |b L312/1994 
100 |a Danh Xà Linh 
245 0 |a ứng dụng số phức để giải mạch điện hình sin một pha và ba pha 
245 0 |b Luận văn tốt nghiệp Đại học Sư phạm ngành Vật lí Khóa 16 
245 0 |c Danh Xà Linh 
260 |a Cần Thơ 
260 |b Trường Đại học Cần Thơ, Khoa Sư phạm, Bộ môn Vật lí 
260 |c 1994 
904 |i Nguyễn Quang Điền, 991112 
980 |a Trung tâm Học liệu Trường Đại học Cần Thơ